000 00929cam a22002055a 4500
001 L141182
008 a71102s1850 xxk eng u
035 _a(Sirsi) u141182
041 0 _aeng
110 2 _aBeadel, Son and Chancellor
_95439
245 0 0 _aUnreserved sale
_bparticulars and conditions of sale of very valuable and highly desirable freehold property situate on the New London Road at Chelmsford in the county of Essex, for peremptory sale by auction by Messrs. Beadel, Son and Chancellor at the Black Boy Hotel, Chelmsford on Tuesday the 29th Oct. 1850...
260 _aS.l.
_bs.n.
_c[1850]
300 _a2 leaves
_c33 x 21 cm.
340 _aPrinted
351 _cSingle item
500 _aItem has been annotated in ink and pencil with the name of the purchaser and other details.
651 4 _aEssex
690 _aPROPERTY-PROPERTY ACQUISITION AND DISPOSAL-ACQUISITION AND DISPOSAL AT AUCTION
942 _n0
999 _c116647
_d116647